00522nam a2200181Ia 4500003000400000005001700004008004100021020002200062040000700084041000800091082002200099100003900121245008800160260003800248300001600286365001300302650002500315OSt20230503143742.0210423s2011 xx 000 0 und d a978-81-322-0236-3 cAL aeng a338.04 223bACSH aACS (Zoltan J);AUDRETSCH (David B) aHandbook of entrepreneurship research: an interdisciplinary survey and introduction aNew DelhibSpringer Pvt Ltdc2011 axvi,555bPB b695cINR aProduction Economics